Economia i finances : revista quinzenal de informació i divulgació revista quinzenal de informació i divulgació
Descripción Física:
1 volum : periodicitat mensual 27 cm
Materias:
Economia -- Revistes
; Finances -- Revistes
; Espanya -- Condicions econòmiques -- S. XX -- Revistes
; Catalunya -- Condicions econòmiques -- S. XX -- Revistes
Idioma:
Catalán
MARC
| LEADER | 00000nas a2200000 a 4500 | ||
|---|---|---|---|
| 003 | Arxiu | ||
| 005 | 20260324175350.0 | ||
| 008 | 160829d19171936spcsrxp s cat c | ||
| 080 | |a Revistes | ||
| 245 | 0 | 0 | |a Economia i finances : |b revista quinzenal de informació i divulgació |
| 260 | |a Barcelona : |b Editorial Catalana, |c 1917-1936 | ||
| 300 | |a 1 volum : |b periodicitat mensual |c 27 cm | ||
| 310 | |a Mensual | ||
| 362 | |a -3a època, any 19, núm. 405 (gen. 1936) | ||
| 590 | |a Descripció basada en: Any 2, núm. 6-7 (març-abr. 1919). | ||
| 590 | |a Quinzenal. | ||
| 590 | |a Mensual a la 3a època | ||
| 650 | 0 | |a Economia |v Revistes |9 11548 | |
| 650 | |a Finances |x Revistes |9 29365 | ||
| 650 | |a Espanya |x Condicions econòmiques |x S. XX |x Revistes |9 29367 | ||
| 651 | 0 | |a Catalunya |x Condicions econòmiques |y S. XX |v Revistes |9 56403 | |
| 866 | |a Any 2, 1919 (6-7) | ||
| 901 | |a Arxiu | ||
| 942 | |n 1 |2 udc |c REV | ||
| 952 | |0 0 |1 0 |4 0 |6 REV2150 |7 1 |9 45139 |a Arxiu |b Arxiu |d 2016-12-01 |h Any 2, núm. 6-7 (març/abril 1919) |o Rev-2150 |p 27916 |r 2016-12-01 00:00:00 |w 2016-12-01 |y ARXIU | ||
| 999 | |c 47864 |d 47864 | ||